000 01718nam a2200517 i 4500
001 33919
003 KOSZ 005
005 20200729144134.0
008 980731s1998 pl a f |000 0 pol
015 _aUWD 1998/10218
020 _a8302028673
035 _a991005382549705066
035 _a(PL-WaBN)b11407748-48omnis_nlop
035 _ab11407748
035 _a(OCoLC)751259186
035 _a(PL)b0000001140774
035 _a(EXLNZ-48OMNIS_NETWORK)9910052497005606
040 _aWA N
_cWA N
_dKOSZ 005/HR
046 _k1986
080 _a613.2
080 _a612.3
080 _a(075.3)
100 1 _aFlis, Krystyna
_eAutor
245 1 0 _aPodstawy żywienia człowieka /
_cKrystyna Flis, Wanda Konaszewska.
250 _aWyd. 7.
260 _aWarszawa :
_bWydawnictwa Szkolne i Pedagogiczne,
_c1998.
300 _a228, [16] s. , [1] tabl. złoż. :
_brys., wykr. ;
_c21 cm.
336 _aTekst
_btxt
_2rdacontent
337 _aBez urządzenia pośredniczącego
_bn
_2rdamedia
338 _aWolumin
_bnc
_2rdacarrier
380 _aKsiążki
380 _aPub;likacje dydaktyczne
385 _mPoziom nauczania
_aSzkoły zawodowe
388 _a1901-2000
388 _a1945-1989
388 _a1989-2000
504 _aBibliogr. s. [314].
521 _aDla kl. I i II szkoły zasadniczej, zawód - kucharz.
650 7 _aOdżywianie
_2DBN
655 7 _aPodręczniki dla szkół zawodowych
_2DBN
700 1 _aKonaszewska, Wanda
_eAutor
710 2 _aWydawnictwa Szkolne i Pedagogiczne
_4pbl
856 _uhttp://koha.tu.koszalin.pl/cgi-bin/koha/opac-detail.pl?biblionumber=33919
_yKatalog online BPK
942 _2UKD
_cKS
999 _c33919
_d33919